00280nam a22001097a 4500041000800000082001500008100004600023245001200069260004100081300000800122650004000130 aENG a297.1bAYA aAyatulla al-uzma sayyid Ali khan Khamenei aLiberty aNew DelhibWelayat Publicationc2019 a137 aIslamic theology, law, or religion: